01112cam a2200265 a 450000100090000000300060000900500170001500800410003201000160007302000150008902000180010403500200012204000320014205000220017408200210019610000190021724500380023625000280027426000480030230000210035050400410037150503530041265000290076565000520079433948847OCoLC20190207171659.0951205s1996 cou b 000 0 eng  a 95026710 a0891099441 a9780891099444 a(OCoLC)33948847 aDLCcDLCdBAKERdBTCTAdHNW00aBV4847b.F46 199600a248.8220bF597M1 aFleming, Jean.12aA mother's heart /cJean Fleming. aNewly rev. and updated. aColorado Springs, Colo. :bNavPress,c1996. a197 p. ;c21 cm. aIncludes bibliographical references.0 aA call to mothers -- A vision for the task -- What values are really important? -- Start with yourself -- God's part, my part -- Getting in step with God -- Going beyond "God bless Charlie" -- "Do you love me, Ma?" -- A teacher at home -- Teaching through discipline -- Roots and wings -- God is our only circumstance -- Parenting by faith or fear? 0aMothersxReligious life. 0aChild rearingxReligious aspectsxChristianity.